000 00862nam a2200229Ia 4500
003 GCL
008 140319s9999 xx 000 0 ara d
020 _a6317287977
040 _aGCL /
_cGCL
082 0 4 _a621.381954
_bع ص
100 1 _aعبدالحميد بسيونى
245 1 0 _aصيانة اعطال برامج الكمبيوتر /
_cعبدالحميد بسيونى
250 _aالاولى
260 _aالقاهرة :
_bدار الكتب العلمية للنشر والتوزيع ،
_c2003
300 _a784 ص ؛
_c24 سم
650 0 4 _aالحاسبات الالكترونية - برامج
650 0 4 _aالحاسبات الالكترونية - صيانة
650 0 4 _aالإنترنت - برامج
650 0 4 _aالوسائط المتعددة
650 0 4 _aالحاسبات الالكترونية - برمجة
942 _2ddc
_cBK
999 _c51290
_d51290